Game theory and economic modelling (Record no. 25351)

MARC details
000 -LEADER
fixed length control field 00492nam a22001697a 4500
003 - CONTROL NUMBER IDENTIFIER
control field OSt
005 - DATE AND TIME OF LATEST TRANSACTION
control field 20211230154932.0
008 - FIXED-LENGTH DATA ELEMENTS--GENERAL INFORMATION
fixed length control field 211230b |||||||| |||| 00| 0 eng d
020 ## - INTERNATIONAL STANDARD BOOK NUMBER
International Standard Book Number 0198283814
040 ## - CATALOGING SOURCE
Transcribing agency HU
082 ## - DEWEY DECIMAL CLASSIFICATION NUMBER
Classification number 330.015118
100 ## - MAIN ENTRY--PERSONAL NAME
Personal name Kreps, David M.
9 (RLIN) 24921
245 ## - TITLE STATEMENT
Title Game theory and economic modelling
Statement of responsibility, etc. David M.Kreps
260 ## - PUBLICATION, DISTRIBUTION, ETC.
Place of publication, distribution, etc. Oxford : Clarendon Press ; New York :
Name of publisher, distributor, etc. Oxford University Press, 1990.
300 ## - PHYSICAL DESCRIPTION
Extent viii, 195 pages :
Dimensions 23 cm
942 ## - ADDED ENTRY ELEMENTS (KOHA)
Source of classification or shelving scheme Dewey Decimal Classification
Koha item type Books like text book referance book
Suppress in OPAC No
Holdings
Withdrawn status Lost status Source of classification or shelving scheme Damaged status Not for loan Collection code Home library Current library Shelving location Date acquired Total Checkouts Full call number Barcode Date last seen Copy number Price effective from Koha item type
    Dewey Decimal Classification     Reference Wondo Genet Library Wondo Genet Library General Stacks 12/30/2021   330.015118 KRE 1990 WGCFNRL00007930 12/30/2021 1 12/30/2021 Books like text book referance book